00000000cam 2200000zi 4500
0019.557534
003CaOODSP
00520210624171934
007cr |||||||||||
008150406s2001||||xxc|||||o    f|0| 0 eng d
020 |a0-660-18374-9
022 |a1205-9153
040 |aCaOODSP|beng
043 |an-cn---
0861 |aCS11-0019/163E-PDF|zCS11-0019/163E-IN
1001 |aFinnie, Ross, |eauthor.
24504|aThe effects of inter-provincial mobility on individuals' earnings : |bpanel model estimates for Canada / |cby Ross Finnie.
260 |aOttawa, Ontario : |bStatistics Canada, |cOctober 2001.
300 |a1 online resource (47 pages) : |bgraphs, references, tables.
336 |atext|btxt|2rdacontent
337 |acomputer|bc|2rdamedia
338 |aonline resource|bcr|2rdacarrier
4901 |aAnalytical Studies Branch research paper series ; |x1205-9153|vNo. 163
5203 |a"The contribution of this paper is ... to exploit the recently available Longitudinal Administrative Database ("LAD") which ahs been constructed by Statistics Canada from Revenue Canada tax filer records to focus on one specific aspect of the topic: the effects of inter-provincial mobility on individuals earnings"--Introduction.
590 |a12-37-Supp|b2012-09-24
7102 |aStatistics Canada, |eissuing body.
77508|tL'incidence de la mobilité interprovinciale sur les gains des particuliers : |w(CaOODSP)9.590787
7760#|tThe effects of inter-provincial mobility on individuals' earnings : |w(CaOODSP)9.615439
830#0|aResearch paper series (Statistics Canada. Analytical Studies Branch)|x1205-9153|vNo. 163|w(CaOODSP)9.504421
85640|ahttp://publications.gc.ca|qPDF|s306 KB|uhttps://publications.gc.ca/collections/Collection/CS11-0019-163E.pdf|yNo. 163